Existencia de animales y productos agropecuarios derivados

Shranjeno v:
Bibliografske podrobnosti
Korporativna značnica: Guatemala. Ministerio de Economía. Dirección General de Estadística
Format: Texto
Izdano: Guatemala: Ministerio de Economía. Dirección General de Estadística
Oznake: Označite
Brez oznak, prvi označite!

MARC

LEADER 00000 a a2200000 04500
001 21268
003
040
090 |a 093005  
110 |a Guatemala. Ministerio de Economía. Dirección General de Estadística  
245 |a Existencia de animales y productos agropecuarios derivados  
260 |a Guatemala:   |b Ministerio de Economía. Dirección General de Estadística  
300 |a 320 p.; v. 3  
500 |a Son 3 volumenes por cada tomo  
999 |c 15585  |d 15585